[Event "30th Ciocaltea Mem 2013"]
[Site "Bucharest ROU"]
[Date "2013.03.17"]
[Round "3.4"]
[White "Georgescu,T"]
[Black "Manea,Al"]
[Result "0-1"]
[WhiteElo "2367"]
[BlackElo "2389"]

1.d4 d5 2.c4 Nc6 3.Nc3 dxc4 4.d5 Ne5 5.f4 Ng6 6.e4 e6 7.dxe6 Qxd1+ 8.Kxd1 fxe6
9.Bxc4 Bd7 10.Nf3 Bc5 11.Ke2 h6 12.Be3 Bxe3 13.Kxe3 Nf6 14.g3 c6 15.Ke2 Rd8
16.Rad1 Bc8 17.Bd3 Ne7 18.Ne5 Nd7 19.Nc4 Nb6 20.Nxb6 axb6 21.e5 Bd7 22.Ne4 Nc8
23.Bc4 Ke7 24.Ke3 c5 25.Rd2 Ba4 26.Nc3 Rxd2 27.Kxd2 Bc6 28.Rd1 Na7 29.Ke3 b5
30.Bb3 c4 31.Bc2 b4 32.Ne4 Bd5 33.f5 Nc6 34.f6+ gxf6 35.exf6+ Kf7 36.Rf1 Rd8
37.Rf4 Ne5 38.g4 b3 39.axb3 cxb3 40.Bb1 Nc4+ 41.Ke2 Nxb2 42.g5 Bxe4 43.Bxe4 hxg5
44.Rf3 Na4 45.Rxb3 Nc5 46.Rb4 Nxe4 47.Rxe4 b5 48.h4 gxh4 49.Rxh4 Kxf6 50.Rh6+ Kf7
51.Rh7+ Kg6 52.Rb7 Rd5 53.Ke3 Kf5 54.Rb8 Ke5 55.Rb6 Rc5 56.Kd3 Kd5 57.Rb8 Kc6
58.Kd4 e5+ 59.Ke4 Kc7 60.Rh8 Kb6 61.Kd3 b4 62.Kd2 Kb5 63.Rb8+ Ka4 64.Ra8+ Kb3
65.Rb8 Ka3 66.Ra8+ Kb2 67.Rb8 Rd5+ 68.Ke2 b3 69.Rb7 Ka2 70.Ra7+ Kb1 71.Rb7 b2
72.Rb8 Ra5  0-1

[Event "ch-SRB w 2013"]
[Site "Pirot SRB"]
[Date "2013.03.27"]
[Round "5"]
[White "Djukic,Sa"]
[Black "Petrovic,Mari"]
[Result "1-0"]
[WhiteElo "2125"]
[BlackElo "2166"]

1.d4 d5 2.c4 Nc6 3.Nc3 e6 4.Nf3 a6 5.g3 Bb4 6.Bg2 Nf6 7.O-O O-O 8.Qc2 h6
9.Rd1 Bd6 10.a3 Rb8 11.b3 b6 12.cxd5 exd5 13.Nxd5 Nxd5 14.Qxc6 Bb7 15.Qc2 Nf6
16.Ne5 Bxg2 17.Kxg2 Qe8 18.Nc6 Ra8 19.Bb2 Qe6 20.Rac1 Rfe8 21.Re1 Ne4 22.Qd3 Ng5
23.d5 Qh3+ 24.Kg1 Qh5 25.Qd4 f6 26.Qh4 Nh3+ 27.Kf1 Qxh4 28.gxh4 Nf4 29.Rcd1 Ng6
30.h5 Nf4 31.e3 Nxh5 32.Rd4 g5 33.Rc4 Kf7 34.h3 Ng7 35.e4 Nh5 36.h4 Nf4 37.hxg5 hxg5
38.Bc1 Nd3 39.Rd1 Nxc1 40.Rdxc1 Bxa3 41.Re1 Bd6 42.Nd4 Rh8 43.Ke2 Rh3 44.f3 Rh2+
45.Kd3 Rah8 46.Rec1 g4 47.Rxc7+ Bxc7 48.Rxc7+ Kg6 49.fxg4 Kg5 50.Nf3+ Kxg4
51.Nxh2+ Rxh2 52.d6 Rh1 53.Rc2 Rh8 54.Kd4 Kf3 55.Kd5 a5 56.d7 Rd8 57.Ke6 Kxe4
58.Ke7 Rxd7+ 59.Kxd7 Kd3 60.Rc4 b5 61.Rc5 b4 62.Ke6  1-0

[Event "O2C Doeberl Cup Premier 2013"]
[Site "Canberra AUS"]
[Date "2013.03.30"]
[Round "5.4"]
[White "Wallis,C"]
[Black "Palit,S"]
[Result "0-1"]
[WhiteElo "2261"]
[BlackElo "2442"]

1.d4 d5 2.c4 Nc6 3.Nf3 Bg4 4.Nc3 e6 5.Bg5 Be7 6.Bxe7 Ngxe7 7.e3 O-O 8.cxd5 Nxd5
9.Be2 Re8 10.Qb3 Nxc3 11.bxc3 Rb8 12.O-O e5 13.h3 Bh5 14.dxe5 Bxf3 15.Bxf3 Nxe5
16.Be2 b6 17.Qa3 a5 18.Rad1 Qf6 19.Rd4 Rbd8 20.Rfd1 Nc6 21.Rd7 Rxd7 22.Rxd7 Re7
23.Rd1 g6 24.Bb5 Re5 25.Bxc6 Qxc6 26.Rd8+ Re8 27.Qe7 Rxd8 28.Qxd8+ Kg7 29.Qd4+ Qf6
30.Qc4 Qd6 31.g4 c6 32.a4 Kf6 33.h4 Qd1+ 34.Kh2 Qd5 35.Qf4+ Ke6 36.Kg1 b5
37.g5 Qe5 38.Qg4+ Qf5 39.Qd4 Qd5 40.Qg4+ Ke7 41.Qf4 Qd1+ 42.Kg2 Qd6 43.Qg4 Qd5+
44.Kg1 Qf5 45.Qg3 Kd7 46.axb5 cxb5 47.Qb8 Qg4+ 48.Kf1 Qd1+ 49.Kg2 Qd5+ 50.Kg1 a4
51.Qa7+ Ke8 52.e4 Qxe4 53.Qb8+ Ke7 54.Qxb5 Kf8 55.c4 a3 56.Qc5+ Qe7 57.Qa5 Qd6
58.c5 Qd1+ 59.Kh2 Qd4 60.Kg3 Qe5+ 61.Kh3 Qe6+ 62.Kg3 a2 63.Qd8+ Qe8 64.Qd4 Kg8
65.Qa1 Qb8+ 66.Kg2 Qb1 67.Qf6 a1=Q  0-1

[Event "Pobeskydi Open 2013"]
[Site "Frydek-Mistek CZE"]
[Date "2013.03.30"]
[Round "6"]
[White "Farkas,Ga1"]
[Black "Plat,V"]
[Result "1/2-1/2"]
[WhiteElo "2306"]
[BlackElo "2452"]

1.d4 d5 2.c4 Nc6 3.Nc3 dxc4 4.Nf3 Nf6 5.e4 Bg4 6.Be3 e6 7.Bxc4 Bb4 8.Qd3 Bh5
9.a3 Ba5 10.O-O Bb6 11.Bb5 Bxf3 12.gxf3 O-O 13.Bxc6 bxc6 14.Qc4 Nh5 15.Ne2 Qf6
16.Kg2 e5 17.dxe5 Qxe5 18.Qc3 Qe6 19.Ng3 Nxg3 20.hxg3 Bxe3 21.fxe3 Rfb8 22.b4 a5
23.g4 Rb5 24.Rac1 axb4 25.axb4 Rb6 26.Rf2 h5 27.gxh5 Rb5 28.Qxc6 Rg5+ 29.Kf1 Ra1
30.Qc3 Qa6+ 31.Re2 Rxc1+ 32.Qxc1 Rxh5 33.Qxc7 Qa1+ 34.Re1 Rh1+ 35.Kg2 Rxe1
36.Qc8+ Kh7 37.Qh3+ Kg6 38.Qf5+ Kh6 39.Qh3+ Kg6  1/2-1/2

[Event "Paskturneringen Open"]
[Site "Norrkoping SWE"]
[Date "2013.03.31"]
[Round "7"]
[White "Semcesen,D"]
[Black "Hamark,J"]
[Result "1/2-1/2"]
[WhiteElo "2480"]
[BlackElo "2322"]

1.d4 d5 2.c4 Nc6 3.Nf3 Bg4 4.Nc3 e6 5.cxd5 exd5 6.Bf4 Bxf3 7.gxf3 Bd6 8.Bg3 Nge7
9.e3 O-O 10.Bd3 f5 11.f4 Qd7 12.a3 Qe6 13.Qe2 Nb8 14.h4 Nd7 15.h5 Nf6 16.Bh4 c6
17.Rg1 Ne4 18.Bxe7 Bxe7 19.Nxe4 fxe4 20.Bc2 Bf6 21.Rg3 Kh8 22.Kf1 b6 23.Rd1 c5
24.dxc5 bxc5 25.b4 c4 26.Qg4 Qxg4 27.Rxg4 Rfd8 28.Ke2 a5 29.b5 a4 30.Rb1 Rdb8
31.Rgg1 Ra5 32.Rgd1 Raxb5  1/2-1/2

[Event "2nd Martinique Open"]
[Site "Fort-de-France FRA"]
[Date "2013.04.05"]
[Round "6.13"]
[White "Daniel,K"]
[Black "Gauthier,L1"]
[Result "1-0"]
[WhiteElo "1984"]
[BlackElo "1820"]

1.d4 d5 2.c4 Nc6 3.e3 e5 4.dxe5 d4 5.e4 Nxe5 6.Bf4 Ng6 7.Bg3 Bb4+ 8.Nd2 N8e7
9.Bd3 O-O 10.Nf3 f5 11.exf5 Bxf5 12.Bxf5 Nxf5 13.O-O Nxg3 14.hxg3 Be7 15.Re1 c5
16.Ne4 b6 17.Qd3 Bf6 18.Ned2 Re8 19.Rxe8+ Qxe8 20.Re1 Qa4 21.Qe4 Rd8 22.Qe6+ Kf8
23.a3 Qd7 24.Kf1 Qxe6 25.Rxe6 Kf7 26.Re4 Rd7 27.b3 a6 28.Re1 Re7 29.Rxe7+ Kxe7
30.Ke2 Ke6 31.Kd3 Ne5+ 32.Nxe5 Kxe5 33.Ne4 Be7 34.Nd2 Bd6 35.Nf3+ Kf5 36.Ne1 g5
37.Ke2 Kg4 38.Nd3 Bxg3 39.fxg3 Kxg3 40.Kf1 h5 41.b4 g4 42.bxc5 bxc5 43.Nxc5 Kf4
44.Nd3+ Ke4 45.Ke2 h4 46.c5 Kd5 47.Kf2 a5 48.a4 Ke4 49.c6 Kxd3 50.c7 Kd2
51.c8=Q g3+ 52.Kf3 Kd3 53.Qc5  1-0

[Event "TCh-CAT Div Hon 2013"]
[Site "Catalonia ESP"]
[Date "2013.04.06"]
[Round "10.9"]
[White "Vives Jaume,Oriol"]
[Black "Ibanez Terradellas,E"]
[Result "0-1"]
[WhiteElo "2098"]
[BlackElo "2316"]

1.d4 d5 2.c4 Nc6 3.Nc3 dxc4 4.Nf3 Nf6 5.d5 Na5 6.e4 c6 7.Ne5 e6 8.dxc6 Qxd1+
9.Kxd1 Bb4 10.f3 O-O 11.Kc2 b6 12.Bxc4 Nxc4 13.Nxc4 Ba6 14.Ne5 Rac8 15.Rd1 Ne8
16.Nd3 Be7 17.a3 Bxd3+ 18.Rxd3 Rxc6 19.Be3 Nd6 20.Rad1 Nc4 21.Bd4 Rfc8 22.Kb3 g6
23.Ne2 b5 24.Bc3 e5 25.Bb4 Bf6 26.Nc3 a5 27.Bd6 Rb6 28.Nd5 Rb7 29.Be7 Bxe7
30.Nxe7+ Rxe7  0-1

[Event "23rd ch-SLO 2013"]
[Site "Sentjur SLO"]
[Date "2013.04.06"]
[Round "1.29"]
[White "Solmajer,L"]
[Black "Urbanc,Ana"]
[Result "1-0"]
[WhiteElo "2047"]
[BlackElo "1442"]

1.d4 d5 2.c4 Nc6 3.e3 Nf6 4.Nc3 dxc4 5.Bxc4 e6 6.Nf3 Be7 7.O-O O-O 8.e4 b6
9.a3 Na5 10.Ba2 c5 11.e5 cxd4 12.exf6 Bxf6 13.Ne4 e5 14.Bg5 Bxg5 15.Nfxg5 Qe7
16.f4 Be6 17.Qh5 h6 18.Nxe6 fxe6 19.f5 Rae8 20.fxe6 Nc6 21.Rf7 Qd8 22.Rxf8+ Kxf8
23.Qf7+  1-0

[Event "FSFMB April 2013"]
[Site "Budapest HUN"]
[Date "2013.04.07"]
[Round "2.2"]
[White "Csiba,Tibor Dr."]
[Black "Nemeth,O"]
[Result "0-1"]
[WhiteElo "1574"]
[BlackElo "1780"]

1.d4 d5 2.c4 Nc6 3.e3 e6 4.Nf3 b6 5.Be2 Ba6 6.Qa4 Bb4+ 7.Bd2 Bxd2+ 8.Nbxd2 Bb7
9.Ne5 Ne7 10.Ndf3 f6 11.Nxc6 Bxc6 12.Qc2 Rc8 13.O-O Kf7 14.Bd3 g6 15.c5 Qd7
16.Rfc1 Bb5 17.Qe2 Bxd3 18.Qxd3 h5 19.h4 c6 20.b4 b5 21.a4 a6 22.a5 Rcg8
23.Kf1 Qc7 24.g3 Nf5 25.e4 dxe4 26.Qxe4 Rd8 27.Re1 Rhe8 28.Rad1 Rd5 29.g4 hxg4
30.Qxg4 Rh8 31.Ke2 Qd7 32.Rg1 Rh6 33.Qf4 Qe7 34.Kd2 e5 35.Qe4 Nxd4 36.Kc3 Nxf3
37.Qxf3 Qe6 38.Rxd5 cxd5 39.Qg3 d4+ 40.Kd2 Qa2+ 41.Ke1 Qb1+ 42.Ke2 Qxb4 43.h5 g5
44.Qf3 Qb2+ 45.Kf1 Qb1+ 46.Kg2 e4 47.Qf5 Qb3 48.Qd7+ Kf8 49.Rb1 Qf3+ 50.Kg1 Rxh5
51.Qd8+ Kf7 52.Qd7+ Kg6 53.Qe8+ Kf5 54.Qd7+ Kf4 55.Qd6+ Kg4 56.Qg3+ Qxg3+
57.fxg3 Kxg3 58.c6 Rh7 59.Rf1 Rf7 60.Rc1 Rc7  0-1

[Event "TCh-CZE Div1 Vychod 2012-13"]
[Site "Czech Republic CZE"]
[Date "2013.04.07"]
[Round "10.1"]
[White "Zpevak,P"]
[Black "Biolek,R1"]
[Result "1-0"]
[WhiteElo "2379"]
[BlackElo "2399"]

1.d4 d5 2.c4 Nc6 3.Nc3 Nf6 4.cxd5 Nxd5 5.e4 Nxc3 6.bxc3 e5 7.d5 Nb8 8.Nf3 Bd6
9.Be2 O-O 10.O-O Nd7 11.Be3 Qe8 12.c4 Nc5 13.Nd2 b6 14.Bg4 Qe7 15.Bxc8 Raxc8
16.f3 f5 17.Qc2 f4 18.Bf2 Qg5 19.Nb3 Rf6 20.Bxc5 bxc5 21.Rf2 Rh6 22.Nc1 Rh4
23.Rb1 Qh6 24.h3 g5 25.Nb3 Rf8 26.Na5 g4 27.fxg4 f3 28.Qc1 Qg6 29.Qe3  1-0

[Event "15th Dubai Open 2013"]
[Site "Dubai UAE"]
[Date "2013.04.08"]
[Round "2.24"]
[White "Praveen Kumar,C1"]
[Black "Kotsur,P"]
[Result "0-1"]
[WhiteElo "2312"]
[BlackElo "2552"]

1.d4 d5 2.c4 Nc6 3.Nc3 dxc4 4.Nf3 Nf6 5.e4 Bg4 6.Be3 e6 7.a3 Bxf3 8.gxf3 Na5
9.Rg1 c6 10.Qe2 Qc7 11.f4 O-O-O 12.Rd1 g6 13.Bh3 Kb8 14.d5 Nh5 15.dxe6 Bh6
16.Rxd8+ Rxd8 17.f5 Nf4 18.Bxf4 Bxf4 19.f6 fxe6 20.Bxe6 Qe5 21.Bxc4 Rd2 22.Qf1 Qxf6
23.Rg4 h5  0-1

[Event "15th Dubai Open 2013"]
[Site "Dubai UAE"]
[Date "2013.04.10"]
[Round "4.34"]
[White "Sachdev,T"]
[Black "Ilhomzoda,I"]
[Result "1-0"]
[WhiteElo "2409"]
[BlackElo "2212"]

1.d4 d5 2.c4 Nc6 3.Nc3 dxc4 4.Nf3 Nf6 5.Bg5 e6 6.e4 Be7 7.Bxc4 O-O 8.O-O h6
9.Bf4 a6 10.Rc1 Na5 11.Bd3 b5 12.e5 Ne8 13.Bb1 Bg5 14.Nxg5 hxg5 15.Qh5 g6
16.Qxg5 Bb7 17.Qh6 Qxd4 18.Rfd1 Qb4 19.Rd3 Qe7 20.Rh3  1-0

[Event "TCh-CAT Div Hon 2013"]
[Site "Catalonia ESP"]
[Date "2013.04.13"]
[Round "11.5"]
[White "Jose Abril,R"]
[Black "Travesset Ribera,J"]
[Result "1/2-1/2"]
[WhiteElo "2340"]
[BlackElo "2233"]

1.d4 d5 2.c4 Nc6 3.cxd5 Qxd5 4.e3 e5 5.Nc3 Bb4 6.Bd2 Bxc3 7.bxc3 Qd6 8.Bd3 Nf6
9.f3 O-O 10.Ne2 Re8 11.O-O Bd7 12.Qc1 Rad8 13.Be1 exd4 14.cxd4 Nd5 15.Bf2 Ncb4
16.Bc4 Nb6 17.e4 a6 18.Bh4 Rc8 19.Bg3 Qe7 20.Bb3 Bb5 21.Qe3 c5 22.dxc5 Qxc5
23.Qxc5 Rxc5 24.Bd6 Rcc8 25.Bxb4 Bxe2 26.Rfc1 Bc4 27.Bd1 Nd7 28.a4 Ne5 29.Bd6 Nd3
30.Rcb1 b5 31.h4 Rcd8 32.Bc7 Rd7 33.Ba5 Nf4 34.Bc2 h5 35.Rd1 Ne2+ 36.Kf2 Rxd1
37.Rxd1 Nf4 38.g3 Ne6 39.Bb6 bxa4 40.Bxa4 Rb8 41.Rd6 Kf8 42.e5 g6 43.f4 Ke7
44.Ke3 Rc8 45.Rd7+ Kf8 46.Ba5 Kg7 47.Bb4 Rc7 48.Rxc7 Nxc7 49.Kd4 Be6 50.Kc5 Nd5
51.Bd2 Ne7 52.Bc3 Nf5 53.Be1 Kf8 54.Bc6 Ke7 55.Bb7 Kf8 56.Bxa6 Kg7 57.Bb5 Kf8
58.Bf2 Kg7 59.Bc6 Ne7 60.Bb7 Nf5 61.Kb4 Ne7 62.Kc3 Nd5+ 63.Kd2 Ne7 64.Ke2 Nf5
65.Kf3 Kg8 66.Bc5 Kg7 67.Ba8 Kg8 68.Bb6 Bd7 69.Bd8 Nd4+ 70.Kf2 Nf5 71.Bf3 Kh7
72.g4 hxg4 73.Bxg4 Ng7 74.Bf3 Nh5 75.Ke3 Kg7 76.Be7 Ng3 77.Bf6+ Kg8 78.Kf2 Nf5
79.h5 Kh7 80.hxg6+ Kxg6 81.Be4 Kh5 82.Bf3+ Kg6 83.Bg4 Kh7  1/2-1/2

[Event "ch-LAT 2013"]
[Site "Riga LAT"]
[Date "2013.04.14"]
[Round "2.7"]
[White "Meskovs,N"]
[Black "Vins,Aleksis"]
[Result "1-0"]
[WhiteElo "2328"]
[BlackElo "1915"]

1.d4 d5 2.c4 Nc6 3.Nf3 Bg4 4.cxd5 Bxf3 5.gxf3 Qxd5 6.e3 e5 7.Nc3 Bb4 8.a3 Bxc3+
9.bxc3 Nf6 10.Rb1 b6 11.Bd3 O-O 12.O-O Qd6 13.Qc2 Rfe8 14.Rd1 Rad8 15.Bb5 Re7
16.Bb2 Qd5 17.Qa4 Qxf3 18.Bxc6 e4 19.Rd2 Ng4 20.Qd1 Nxh2 21.Kxh2 Qf5 22.f4 Rd6
23.Rg2 Rh6+ 24.Kg1 Qh3 25.Kf2 Qh4+ 26.Ke2 Rxc6 27.Qh1 Qf6 28.Qh3 Re8 29.Rh1 h6
30.Rhg1 g6 31.Qxh6 Qe6 32.Rh2 Qc4+ 33.Kf2  1-0

[Event "7th Agzamov Memorial"]
[Site "Tashkent UZB"]
[Date "2013.04.19"]
[Round "6"]
[White "Baymuradova,S"]
[Black "Holmirzaev,B"]
[Result "0-1"]
[WhiteElo "2097"]
[BlackElo "2348"]

1.d4 d5 2.c4 Nc6 3.Nf3 Bg4 4.Nc3 e6 5.Qa4 Bxf3 6.gxf3 dxc4 7.e3 a6 8.Qxc4 Nf6
9.Be2 e5 10.dxe5 Nxe5 11.Qb3 Rb8 12.e4 Nfd7 13.O-O Nc5 14.Qd5 Qxd5 15.Nxd5 c6
16.Ne3 Ne6 17.Nc2 Ng6 18.Rd1 Be7 19.Be3 Bf6 20.Rab1 Rd8 21.b3 Be5 22.Bb6 Rxd1+
23.Rxd1 Ngf4 24.Bf1 Ke7 25.Ne3 g6 26.Nc4 f6 27.Na5 Rb8 28.Bc4 Bc7 29.Bxc7 Nxc7
30.b4 Nfe6 31.Rd3 h5 32.Kf1 h4 33.Ke1 g5 34.Rd2 Nd8 35.Bf1 Nce6 36.Bh3 b6
37.Nc4 c5 38.a3 Nd4 39.Bg4 N8c6 40.bxc5 bxc5 41.Nb2 Ne5 42.Kd1 Rb3 43.a4 Ra3
44.Rxd4 cxd4 45.Kd2 Nxf3+  0-1

[Event "TCh-CZE Extraliga 2012-13"]
[Site "Czech Republic CZE"]
[Date "2013.04.27"]
[Round "10.4"]
[White "Rogozenco,D"]
[Black "Biolek,R1"]
[Result "1-0"]
[WhiteElo "2498"]
[BlackElo "2399"]

1.d4 d5 2.c4 Nc6 3.cxd5 Qxd5 4.e3 e5 5.Nc3 Bb4 6.a3 Bxc3+ 7.bxc3 Nge7 8.c4 Qd6
9.d5 Nb8 10.a4 c5 11.Ne2 Bg4 12.Qb3 Bxe2 13.Bxe2 Na6 14.Qb5+ Kf8 15.O-O f6
16.Qb1 g6 17.f4 exf4 18.Rxf4 Kg7 19.Bb2 Rhf8 20.Bc3 Nb4 21.Qb2 Nf5 22.Raf1 Rae8
23.g4 Nxe3 24.Rxf6 Rxf6 25.Rxf6 Qb8 26.Re6+ Kf7 27.Bh8 Nexd5 28.cxd5 Nxd5
29.Rxe8 Kxe8 30.Bb5+  1-0

[Event "Llucmajor Open 2013"]
[Site "Llucmajor ESP"]
[Date "2013.04.28"]
[Round "1.4"]
[White "Levin,F"]
[Black "Munar Mut,A"]
[Result "1-0"]
[WhiteElo "2507"]
[BlackElo "1953"]

1.d4 d5 2.c4 Nc6 3.cxd5 Qxd5 4.e3 e5 5.Nc3 Bb4 6.a3 Bxc3+ 7.bxc3 exd4 8.cxd4 Nf6
9.Nf3 O-O 10.Be2 Ne4 11.Bd2 Nxd2 12.Qxd2 Qa5 13.O-O Qxd2 14.Nxd2 Bd7 15.Rfc1 Rac8
16.Nb3 b6 17.Ba6 Rb8 18.d5 Ne5 19.Rxc7 Ba4 20.Nd4 Rfd8 21.e4 Nd7 22.Rxa7 Nc5
23.Bf1 Ra8 24.Rxa8 Rxa8 25.f3 Bd7 26.Bb5 Bxb5 27.Nxb5 Ra5 28.Rb1 g5 29.h4 h6
30.Kh2 Kg7 31.Nd6 Nd7 32.Nc4 Ra6 33.hxg5 hxg5 34.e5 Ra8 35.e6 Nf6 36.Rxb6 Nxd5
37.Rb7 Kf6 38.exf7 Ne7 39.Nb6 Rh8+ 40.Kg1 Ke6 41.a4 Rd8 42.a5 Kxf7 43.a6  1-0

[Event "Nakhchivan Open A 2013"]
[Site "Nakhchivan AZE"]
[Date "2013.04.29"]
[Round "7.7"]
[White "Aleksandrov,A"]
[Black "Rzayev,B"]
[Result "1-0"]
[WhiteElo "2604"]
[BlackElo "2411"]

1.d4 d5 2.c4 Nc6 3.e3 e5 4.dxe5 d4 5.a3 dxe3 6.Qxd8+ Kxd8 7.Bxe3 Nxe5 8.Nd2 Be6
9.Ngf3 Nxf3+ 10.Nxf3 Nh6 11.Bd3 Nf5 12.Bf4 Bd6 13.Bxd6 Nxd6 14.c5 Ne8 15.O-O-O Kc8
16.Ng5 Nf6 17.Rhe1 Re8 18.Nxf7 Bd7 19.Rxe8+ Bxe8 20.Bxh7 b6 21.Bf5+ Kb8 22.Nd8 bxc5
23.Ne6 Kb7 24.Nxc5+ Kb6 25.Ne6 Bc6 26.f3 Nd5 27.Be4 Ne3 28.Rd3 Bxe4 29.Rb3+  1-0

[Event "Mukachevo Rating 18 2013"]
[Site "Mukachevo UKR"]
[Date "2013.05.01"]
[Round "1.4"]
[White "Shagbazyan,Tar"]
[Black "Volovikov,An"]
[Result "1-0"]
[WhiteElo "2372"]
[BlackElo "2334"]

1.d4 d5 2.c4 Nc6 3.Nf3 Bg4 4.Nc3 Nf6 5.cxd5 Nxd5 6.e4 Bxf3 7.gxf3 Nxc3 8.bxc3 e5
9.d5 Nb8 10.Rb1 Bc5 11.Rxb7 O-O 12.Rb5 Nd7 13.Qd3 a6 14.Rb1 f5 15.Be3 fxe4
16.Qxe4 Nf6 17.Qc4 Bxe3 18.fxe3 Kh8 19.Rd1 e4 20.Be2 exf3 21.Bxf3 Nd7 22.O-O Qg5+
23.Bg2 Qxe3+ 24.Kh1 Ne5 25.Qd4 Rxf1+ 26.Rxf1 Qe2 27.Qf2 Qxf2 28.Rxf2 Rb8
29.h3 Kg8 30.Re2 Re8 31.Re4 Kf7 32.Ra4 Ra8 33.d6 Ra7 34.Rxa6 Rxa6 35.dxc7  1-0

[Event "Open Hradec Kralove 2013"]
[Site "Hradec Kralove CZE"]
[Date "2013.05.16"]
[Round "2"]
[White "Rosko,L"]
[Black "Smolej,Lukas"]
[Result "1-0"]
[WhiteElo "2332"]
[BlackElo "1963"]

1.d4 d5 2.c4 Nc6 3.Nf3 Bg4 4.Nc3 e6 5.Bg5 f6 6.cxd5 Bxf3 7.exf3 exd5 8.Be3 Bd6
9.Nxd5 Bxh2 10.Nc3 Qd6 11.d5 Nce7 12.f4 O-O-O 13.Qa4 Nxd5 14.Nxd5 Qxd5 15.Rd1 Qf5
16.Rxd8+ Kxd8 17.Qd4+ Kc8 18.Bd3 Qa5+ 19.b4 c5 20.Bf5+ Kb8 21.Qd6+ Qc7 22.Qf8+  1-0

[Event "Open Hradec Kralove 2013"]
[Site "Hradec Kralove CZE"]
[Date "2013.05.18"]
[Round "5"]
[White "Opolski,W"]
[Black "Navratil,Ji3"]
[Result "0-1"]
[WhiteElo "1654"]
[BlackElo "2025"]

1.d4 d5 2.c4 Nc6 3.cxd5 Qxd5 4.Nf3 e5 5.Nc3 Bb4 6.e3 Bg4 7.Be2 exd4 8.exd4 O-O-O
9.O-O Qa5 10.Be3 Nf6 11.h3 Be6 12.Qc2 g5 13.a3 Bxc3 14.bxc3 g4 15.hxg4 Bxg4
16.Rfd1 Rhg8 17.c4 Qh5 18.Kf1 Qh1+ 19.Ng1 Bh3 20.Bf3 Bxg2+ 21.Bxg2 Qxg2+
22.Ke2 Ng4 23.Nf3 Rge8 24.d5 Nce5 25.Rd4 Qxf3+ 26.Kd2  0-1

[Event "22nd TCh-CRO Cup 2013"]
[Site "Bol na Bracu CRO"]
[Date "2013.05.23"]
[Round "2.34"]
[White "Loncar,R"]
[Black "Rosandic,D"]
[Result "1/2-1/2"]
[WhiteElo "2412"]
[BlackElo "2243"]

1.d4 d5 2.c4 Nc6 3.Nf3 Bg4 4.e3 e6 5.h3 Bh5 6.cxd5 exd5 7.Bb5 Bb4+ 8.Bd2 Bxd2+
9.Nbxd2 Ne7 10.Qb3 Bxf3 11.Nxf3 Rb8  1/2-1/2

[Event "ch-CZE 2013"]
[Site "Ledec nad Sazavou CZE"]
[Date "2013.05.26"]
[Round "6.3"]
[White "Bernasek,J"]
[Black "Rausis,I"]
[Result "1/2-1/2"]
[WhiteElo "2537"]
[BlackElo "2518"]

1.d4 d5 2.c4 Nc6 3.Nf3 Bg4 4.Nc3 e6 5.Bg5 Be7 6.Bxe7 Ngxe7 7.e3 O-O 8.cxd5 Bxf3
9.Qxf3 Nb4 10.Rc1 Nexd5 11.a3 Nxc3 12.bxc3 Nd5 13.c4 Nf6 14.Be2 c5 15.O-O b6
16.Rfd1 Qc7 17.d5 exd5 18.cxd5 Rad8 19.Bb5 Qe5 20.Bc6 Ne4 21.Qe2 Rd6 22.Qc4 f5
23.f3 Nf6 24.Qc3 Qxc3 25.Rxc3 Rfd8 26.Rcd3 Kf7 27.Kf2 g5 28.a4 Kg6 29.Ke2 Nd7
30.Bxd7 R6xd7  1/2-1/2

[Event "Hungarian National Open 2013"]
[Site "Zalakaros HUN"]
[Date "2013.05.28"]
[Round "7"]
[White "Secheres,Ad"]
[Black "Friml,A"]
[Result "1/2-1/2"]
[WhiteElo "2130"]
[BlackElo "2124"]

1.d4 d5 2.c4 Nc6 3.cxd5 Qxd5 4.e3 e5 5.Nc3 Bb4 6.Bd2 Bxc3 7.bxc3 Qd6 8.Bd3 Nf6
9.f3 O-O 10.Ne2 Re8 11.Qc2 Bd7 12.O-O Rad8 13.Rad1 Bc8 14.Bc1 g6 15.Ng3 exd4
16.exd4 Nd5 17.Ne4 Qf8 18.Rde1 f5 19.Ng5 Kg7 20.a3 Qd6 21.Bc4 Na5 22.Ba2 b5
23.Qd2 Nc4 24.Bxc4 bxc4 25.Nh3 Kg8 26.g3 Bb7 27.Qb2 Qc6 28.Bg5 Rb8 29.Qc1 Rxe1
30.Rxe1 Re8 31.Kf2 Rxe1 32.Qxe1 Nf4 33.Nxf4 Qxf3+ 34.Kg1 Qh1+ 35.Kf2 Qf3+
36.Kg1  1/2-1/2

[Event "Hungarian National Open 2013"]
[Site "Zalakaros HUN"]
[Date "2013.05.28"]
[Round "7"]
[White "Kozak,Adam"]
[Black "Vegh,E"]
[Result "1-0"]
[WhiteElo "2092"]
[BlackElo "2302"]

1.d4 d5 2.c4 Nc6 3.Nc3 dxc4 4.Nf3 Nf6 5.e3 Bg4 6.Bxc4 e6 7.O-O Bd6 8.h3 Bh5
9.Be2 O-O 10.a3 a6 11.Qc2 Qe7 12.Rd1 Rad8 13.b4 e5 14.d5 e4 15.Nxe4 Nxe4
16.dxc6 bxc6 17.Rd4 f5 18.Qxc6 Rf6 19.Qc4+ Bf7 20.Qc2 g5 21.Bb2 Rg6 22.Bd3 Re8
23.Nd2 Nxf2 24.Kxf2 Qxe3+ 25.Kf1 Bg3 26.Nf3 Rge6 27.Bc3 g4 28.Bxf5 gxf3 29.Rg4+ Kf8
30.Rxg3 Rf6 31.Bxf6 fxg2+ 32.Kxg2 Bd5+ 33.Kh2  1-0

[Event "2nd Salento Open"]
[Site "Gallipoli ITA"]
[Date "2013.05.29"]
[Round "6.15"]
[White "Fasiello,A"]
[Black "Wynarczyk,R"]
[Result "1/2-1/2"]
[WhiteElo "1988"]
[BlackElo "1959"]

1.d4 d5 2.c4 Nc6 3.Nc3 dxc4 4.Nf3 Bg4 5.d5 Bxf3 6.exf3 Ne5 7.Bf4 Nd3+ 8.Bxd3 cxd3
9.Qxd3 a6 10.O-O Nf6 11.Be5 e6 12.Bxf6 gxf6 13.Qe4 e5 14.f4 Bd6 15.fxe5 fxe5
16.f4 f6 17.fxe5 Bxe5 18.Rae1 O-O 19.Qf5 Qe7 20.Re4 Rae8 21.Rh4 Rf7 22.Rg4+ Rg7
23.Rxg7+ Kxg7 24.h4 Kh8 25.Kh1 Qg7 26.g4 Qg6 27.Kg2 Bxc3 28.Qxg6 hxg6 29.bxc3 Kg7
30.Kf3 b5 31.Rd1 Rd8 32.Rd4 Rd6 33.Kf4 c6 34.Ke4 a5 35.a3 Kf7 36.Rd3 Ke7
37.Rd1 Rd8 38.Rd2 Rd7 39.Rd3 Rd6 40.dxc6 Rxc6 41.Re3 Kd6 42.Kd3 Rc4 43.Re4 Rc8
44.h5 gxh5 45.gxh5 Rh8 46.Rh4 Ke5 47.h6 Rh7 48.Ke3 Kd5 49.Kd3 Ke5 50.Rh5+ f5
51.Ke3 Kf6 52.Kf4 Kg6 53.Rh1 Kf6 54.Rd1 Rc7 55.Rd6+ Kf7 56.Rd3 Kg6 57.Rh3 Rc4+
58.Ke5 Re4+ 59.Kd5 Kh7 60.Kc5 Ra4 61.c4 Rxc4+ 62.Kxb5 Re4 63.Kxa5 f4 64.a4 Re5+
65.Kb6 Rf5 66.a5 f3 67.Rh1 f2 68.Rf1 Kxh6 69.a6 Rf6+ 70.Kb5 Rf5+ 71.Kb6 Rf6+
72.Kb7 Rf7+ 73.Kc8 Ra7 74.Rxf2 Rxa6  1/2-1/2

[Event "Portuguese Honra A 2013"]
[Site "Sintra POR"]
[Date "2013.06.08"]
[Round "1.1"]
[White "Preto,Daniel Filipe Rodrigues"]
[Black "Guerreiro,N"]
[Result "0-1"]
[WhiteElo "2020"]
[BlackElo "2132"]

1.d4 d5 2.c4 Nc6 3.Nf3 Bg4 4.cxd5 Bxf3 5.gxf3 Qxd5 6.e3 e5 7.Nc3 Bb4 8.Bd2 Bxc3
9.bxc3 Qd6 10.Rg1 Nge7 11.Rxg7 O-O-O 12.Qb3 Kb8 13.Rb1 b6 14.Qxf7 exd4 15.cxd4 Nxd4
16.exd4 Qxd4 17.Be2 Qxd2+ 18.Kf1 Qc2 19.Rb5 Ng6 20.Qc4 Rd1+ 21.Kg2 Qxc4 22.Bxc4 Nf4+
23.Kg3 Rg1+ 24.Kxf4 Rxg7 25.Re5 c6 26.Ke3 Kc7 27.f4 Kd6 28.Re6+ Kd7 29.f5 Re7
30.f4 Rxe6+ 31.fxe6+ Ke7 32.f5 Kf6 33.Bd3 Rg8 34.Be4 c5 35.Kf4 h5 36.Bf3 Rg5
37.Be4 Rg4+ 38.Kf3 Rh4  0-1

[Event "FIDE World Blitz 2013"]
[Site "Khanty-Mansiysk RUS"]
[Date "2013.06.09"]
[Round "1.18"]
[White "Moiseenko,A1"]
[Black "Pasiev,R"]
[Result "1-0"]
[WhiteElo "2711"]
[BlackElo "2384"]

1.d4 d5 2.c4 Nc6 3.Nc3 dxc4 4.Nf3 Nf6 5.Bg5 h6 6.Bh4 a6 7.e4 Bg4 8.d5 Ne5
9.Bg3 Nxf3+ 10.gxf3 Bd7 11.Bxc4 b5 12.Bb3 g5 13.e5 Nh5 14.e6 fxe6 15.Qc2 Rg8
16.dxe6 Bc6 17.Rd1 Qc8 18.O-O Nf4 19.Qf5 Rg7 20.Qf7+  1-0

[Event "FIDE World Blitz 2013"]
[Site "Khanty-Mansiysk RUS"]
[Date "2013.06.09"]
[Round "13.25"]
[White "Salem,AR"]
[Black "Pasiev,R"]
[Result "0-1"]
[WhiteElo "2531"]
[BlackElo "2384"]

1.d4 d5 2.c4 Nc6 3.cxd5 Qxd5 4.e3 e5 5.Nc3 Bb4 6.Bd2 Bxc3 7.bxc3 Qd6 8.Bd3 Nf6
9.f3 O-O 10.Ne2 b6 11.O-O a5 12.Be1 Ba6 13.Bf2 Bxd3 14.Qxd3 Rfd8 15.Rfd1 Qe6
16.e4 Ne7 17.a4 Ng6 18.d5 Qd7 19.c4 c5 20.Rdb1 Ra6 21.Rb3 Ne8 22.Be3 Nd6
23.Nc3 Ne7 24.Rab1 Nec8 25.Bf2 f6 26.Be3 Re8 27.f4 exf4 28.Bxf4 Qg4 29.Bxd6 Nxd6
30.h3 Qf4 31.Rxb6 Rxb6 32.Rxb6 Nxe4 33.Nxe4 Rxe4 34.Rb1 Rxc4 35.Kh1 Rxa4
36.d6 Rd4 37.Qe2 h6 38.d7 Kh7 39.Qc2+ f5 40.Qxc5 Rxd7 41.Qxa5 Rd2 42.Qa8 Qg3
43.Rf1 Re2 44.Qd5 Rf2 45.Rd1 Qf4 46.Kg1 Rb2 47.Kh1 Rf2 48.Kg1 Rb2 49.Kh1 Re2
50.Kg1 Re5 51.Qc6 Re2 52.Qd5 Qe3+ 53.Kh1 Re1+ 54.Rxe1 Qxe1+ 55.Kh2 Qf2 56.Qd3 Qf4+
57.Kg1 h5 58.Qe2 Qc1+ 59.Kh2 Qf4+ 60.Kg1 Qd4+ 61.Kh1 g6 62.Qe7+ Qg7 63.Qe2 h4
64.Qe1 Qf6 65.Qe2 Kh6 66.Qd2+ g5 67.Qe2 Qd6 68.Qc2 Kg6 69.Qa2 Qf6 70.Qg8+ Kh6
71.Qa2 g4 72.Qd2+ Kg6 73.Qd3 Qa1+  0-1

[Event "27th Pula Open 2013"]
[Site "Pula CRO"]
[Date "2013.06.12"]
[Round "6.6"]
[White "Zvan,Z"]
[Black "Fercec,N"]
[Result "1-0"]
[WhiteElo "2288"]
[BlackElo "2499"]

1.d4 d5 2.c4 Nc6 3.Nf3 Bg4 4.cxd5 Bxf3 5.exf3 Qxd5 6.Be3 e5 7.Nc3 Bb4 8.dxe5 Qxe5
9.Qc1 Nge7 10.Be2 Nd5 11.O-O Nxe3 12.fxe3 Bc5 13.Nd1 O-O 14.f4 Qe7 15.Bf3 Nb4
16.Bxb7 Rab8 17.Be4 Rfd8 18.Kh1 g6 19.Qc4 Nxa2 20.Bxg6 hxg6 21.f5 Nb4 22.fxg6 Nd3
23.gxf7+ Kf8 24.Qg4 Qd6 25.Qg8+ Ke7 26.Qg5+ Kd7 27.Qf5+ Kc6 28.Nc3 Kb7 29.b4 Bb6
30.b5 c6 31.bxc6+ Kxc6 32.Qe4+ Kd7 33.Rad1 Nc5 34.Rxd6+ Kxd6 35.Nb5+  1-0

[Event "12th TCh-BIH Prem"]
[Site "Sarajevo BIH"]
[Date "2013.06.15"]
[Round "1.4"]
[White "Stojanovic,Do"]
[Black "Jovovic,Milan"]
[Result "1-0"]
[WhiteElo "2361"]
[BlackElo "1879"]

1.d4 d5 2.c4 Nc6 3.e3 e5 4.dxe5 dxc4 5.Qxd8+ Kxd8 6.Bxc4 Nxe5 7.Be2 Bf5 8.Nc3 Nd3+
9.Bxd3 Bxd3 10.Nf3 Bd6 11.e4 f6 12.Be3 Ke8 13.O-O-O Bc4 14.Nd4 a6 15.Nf5 Bf8
16.Bf4 g6 17.Ne3 Be6 18.Ned5 Bxd5 19.Nxd5 Rc8 20.Nxc7+ Kf7 21.Rd7+ Ne7 22.Kb1 g5
23.Bd6 h5 24.Rd1 Rh6 25.a4 b5 26.a5 g4 27.Rc1 Rh7 28.Rc6 Kg8 29.Bxe7 Rxe7
30.Rxe7 Bxe7 31.Nd5 Re8 32.Rxf6 Kg7 33.Re6 Kf7 34.Rxe7+ Rxe7 35.Nxe7 Kxe7
36.f4  1-0